000 00494nam a22001697a 4500
005 20251108170134.0
008 250721s1990 xx 000 0 ara d
082 1 4 _a812.9612/حمي
100 1 _aحميد، أبو بكر
245 1 0 _aمسرحية الحب بالدينار /
264 1 _aطرابلس (ليبيا) :
_bدار الجماهيرية،
_c1990.
300 _a96ص
650 1 7 _aالمسرحيات العربية
650 1 7 _aليبيا
942 _2ddc
_cBK
999 _c40663
_d40663